000 00261nam a22001217a 4500
082 _a823
_bUNK/E
100 _aUNKNOWN
245 _aTHE ELEPHANT AND THE MONKEY
260 _aBOMBAY
_bPAULINE
_c1998
300 _a10
650 _aENGLISH STORY
_zINDIA
942 _cBK
999 _c7491
_d7491